000
00459nam a2200169Ia 4500
008
090711s9999 xx 000 0 und d
082
_b
1500
100
_a
संगवई विजया
245
_a
गंधबावरी
260
_c
1980
300
_a
82
600
_a
संगवई विजया
630
_a
गंधबावरी
700
_a
संगवई विजया
730
_a
गंधबावरी
942
_c
BOOK
999
_c
334378
_d
334378